000 01346nam a22003737a 4500
003 CHAP
005 20220329141202.0
008 971010s1979 r 00010 d
010 _a64025
011 _a64997
035 _a71156
040 _cCHAP
090 _aTesis
100 0 0 _aPeláez Camarena, Víctor M. A.
_986637
245 _aEfecto de la suplementación sobre el valor nutritivo del rastrojo de maíz con borregos en jaulas metabólicas
260 _aChapingo, Méx. :
_bEl autor,
_c1979
300 _a32 p.
502 _aTesis (Ing. Agrónomo Esp. en Zootecnia) -- UACH. Departamento de Zootecnia
590 _aALEPH
_b10
_c20130110
_lUCH01
_h1348
590 _aBATCH-UPD
_b10
_c20130110
_lUCH01
_h1828
590 _aBATCH-UPD
_b10
_c20130410
_lUCH01
_h1201
590 _aBATCH-UPD
_b10
_c20130914
_lUCH01
_h1518
590 _aCONVERSION
_b10
_c20130109
_lUCH01
_h1335
650 1 4 _aGanado lanar
_xAlimentación.
_945153
650 1 4 _aMaíz como forraje.
_971109
710 0 _aUACH. Departamento de Zootecnia.
_9115904
901 _aBK
942 _cFOLL
949 _aP98
_bZ
_cTESBD
_d-3755
_eTS1
_h552
_i71156
_si
949 _aP98
_bZ
_cTESBD
_d-83934
_eTS2
_fc.2
_h553
_i71156
_si
949 _bBC
_cTES
_d-115613
_eTS1
_i71156
_si
949 _bBC
_cTES
_d-115614
_eTS2
_fc.2
_i71156
_si
949 _bBC
_cTES
_d-115615
_eTS2
_fc.3
_h21984
_i71156
_si
999 _c64025
_d64025